Statistiques concernant Personnages de Boruto

Cliquez ici pour prendre le quiz!

Statistiques générales

  • Ce quiz a été pris 79 fois
  • Le résultat moyen est 30 sur 66

Statistiques - réponses

HintRéponse% Correct
Personnage Principal
Fils du 7ème Hokage
Membre de l'équipe 7
Uzumaki Boruto
98%
Membre de l'équipe 7
Dernier membre des Uchiha
Uchiha Sarada
93%
Chef de l'équipe 7
Petit-fils du 3ème Hokage
Ancien membre de l'équipe Ebisu
Sarutobi Konohamaru
84%
Chef de l'équipe barrière de Konohagakure
Fleuriste
Membre de la 16ème Génération Ino-Shika-Cho
Epouse du prochain
Yamanaka Ino
84%
Membre de l'équipe 7
Frère adoptif du personnage principal
Ancien membre de Kara
Vaisseau du chef de Kara
Kawaki
82%
Fils du 8ème Hokage intérimaire
Membre de l'équipe Moegi (Equipe 10)
Membre de la 17ème Génération Ino-Shika-Cho
Nara Shikadai
80%
Membre de l'équipe 7
Fils d'un membre des 3 Sannins Légendaires
Mitsuki
77%
Membre de l'équipe Moegi (Equipe 10)
Membre de la 17ème Génération Ino-Shika-Cho
Akimichi Chocho
73%
Maitre du personnage principale
Ancien membre de Taka
Epoux de la prochaine
Uchiha Sasuke
73%
Membre de l'équipe Moegi (Equipe 10)
Membre de la 17ème Génération Ino-Shika-Cho
Yamanaka Inojin
73%
Père du personnage principale
7ème Hokage
Epoux de la précédente
Uzumaki Naruto
70%
Mère du personnage principale
Sœur de la précédente
Epouse du prochain
Hyuga Hinata
68%
8ème Hokage intérimaire
Conseiller du 7ème Hokage
Epoux de la prochaine
Nara Shikamaru
68%
6ème HokageHatake Kakashi
66%
Membre de la 16ème Génération Ino-Shika-Cho
Epoux de la prochaine
Akimichi Choji
61%
Epouse du précédent
Chef du Département Médicale
Haruno Sakura
61%
Père d'un des membres de l'équipe 7
Membre des 3 Sannins Légendaires
Orochimaru
61%
Membre de l'équipe 5Metal Lee
59%
5ème Hokage
Membre des 3 Sannins Légendaires
Tsunade
59%
Membre de l'équipe 5
Hériter de la Companie Kaminarimon
Kaminarimon Denki
57%
Fille des deux précédents
Sœur du personnage principal
Uzumaki Himawari
57%
Chef de l'ANBU
Epoux de la précédente
Yamanaka Sai
57%
Epouse du précédent
Ancienne membre des 3 Frères et Sœur de Sable
Nara Temari
55%
Chef de l'équipe Moegi (Equipe 10)
Ancienne membre de l'équipe Ebisu
Kazamatsuri Moegi
52%
Ancien maitre du précédent
Shinobi à la retraite
Maito Gai
52%
5ème Kazekage
Beau-frère du 8ème Hokage intérimaire
Père du prochain
Gaara
50%
Kyubi (Démon à Neuf Queues)Kurama
50%
Membre du Clan OtsutsukiOtsutsuki Momoshiki
48%
Professeur à l'Academie Ninja
Procureur des examens Chunin
Aburame Shino
45%
Chef de l'équipe 15
Tante du personnage principale
Belle-sœur du 7ème Hokage
Sœur de la prochaine
Hyuga Hanabi
45%
Membre de la Police de KonohagakureInuzuka Kiba
45%
Procureur des examens Chunin
Maitre des 8 Portes Internes
Ancien élève du prochain
Rock Lee
45%
Ancien membre de l'Akatsuki
Gardien à l'Orphelinat de Konohagakure
Yakushi Kabuto
45%
Ancienne membre de TakaKarin
43%
Procureure des examens ChuninTenten
41%
Membre de l'équipe 5Yuino Iwabe
41%
Membre de l'équipe des Armes Scientifiques Ninja
Ancienne membre de l'équipe 15
Ancienne déléguée de classe
Kakei Sumire
36%
Epouse du précédent
Ancienne membre de Kumogakure
Ancienne membre de l'équipe Samui
Akimichi Karui
34%
Cyborg
Membre de Kara
Delta
34%
Ancien membre de TakaHozuki Suigetsu
34%
Chef de l'équipe 5
Ancien membre de l'équipe Ebisu
Ise Udon
34%
Vaisseau du Chef de Kara
Membre de Kara (Contrôlé par le chef)
Jigen
34%
Ancien membre de TakaJugo
34%
Directeur de l'Academie NinjaUmino Iruka
32%
Membre de Kara
Vaisseau du Chef de Kara
Code
30%
5ème RaikageDarui
30%
Membre des 3 Sannins LégendairesJiraiya
30%
Frère du 4ème RaikageKiller B
30%
Ancien membre de Kara
Membre de l'équipe d'Armes Scientifiques Ninja
Amado
27%
6ème Mizukage
Membre des 7 épéistes de la brume
Chojuro
27%
Chef de Kara
Membre du Clan Otsutsuki
Otsutsuki Isshiki
27%
Familier de la précédenteNue
25%
Membre du Clan OtsutsukiOtsutsuki Kinshiki
25%
Familier du précédentAkamaru
23%
Cyborg
Modifiée par le précédent
Sœur du prochain
Eida
23%
Membre de l'équipe 15Izuno Wasabi
23%
3ème Tsuchikage
Grand-père de la précédente
Onoki
23%
Membre du Clan OtsutsukiOtsutsuki Urashiki
23%
Cyborg
Clone d'un des 3 Sannins Légendaires
Ancien membre de Kara
Maitre du personnage principal
Kashin Koji
20%
4ème Tsuchikage
Petite-fille du prochain
Kurotsuchi
20%
Fils du précédentShinki
20%
Ichibi (Démon à Une Queue)Shukaku
18%
Membre de l'équipe 15Suzumeno Namida
18%
Cyborg
Ancien membre de Kara
Boro
16%
Cyborg
Frère de la précédente
Daemon
14%
Membre de l'équipe 15
Samouraï de la Terre de Fer
Kurogane Tsubaki
7%

Distribution des résultats

Percentile par nombre de réponses

% des personnes avec chaque résultat

Votre développement - résultats

Vous n’avez pas pris ce quiz